| 000 | 00874 a2200217 4500 | ||
|---|---|---|---|
| 005 | 20080829171232.0 | ||
| 008 | 080829t xxu||||| |||| 00| 0 eng d | ||
| 010 | _aENG-87454 | ||
| 020 |
_a0835672778 _c100.00 |
||
| 035 | _aEN-70987 | ||
| 037 | _bDBAD / PUB | ||
| 082 | _a181.41 | ||
| 100 | _aSchrader, F. Otto | ||
| 245 |
_aIntrduction to the Pancaratra and the Ahirbudhnya samhita _cby F.Otto Schrader |
||
| 260 |
_aMadras _bThe Adyar Library and Research Centre _c1995 (repr.) |
||
| 270 |
_aThe Theosophical Society, Adyar, _bChennai _e600 020 |
||
| 300 |
_axiii, 196 p. _c22 cm ( Hb.) |
||
| 500 | _aincludes appendix and subjectwise index | ||
| 942 |
_adpl _cEN _k181.41/SCH _2ddc _h181.41 _mSCH |
||
| 999 |
_c6657 _d6657 |
||